Guía para la educación inclusiva: desarrollando el aprendizaje y la participación en los centros escolares -adaptación de la 3a edición revisada del index for inclusion-
Gespeichert in:
| 1. Verfasser: | |
|---|---|
| Weitere Verfasser: | |
| Format: | Buch |
| Sprache: | Spanisch |
| Veröffentlicht: |
Madrid, España
Organización de Estados Iberoamericanos
2015
|
| Schlagworte: | |
| Tags: |
Tag hinzufügen
Keine Tags, Fügen Sie den ersten Tag hinzu!
|
MARC
| LEADER | 00000cam a2200000 a 4500 | ||
|---|---|---|---|
| 001 | UCD9112 | ||
| 003 | CL-VaPUC | ||
| 005 | 20250310102437.0 | ||
| 008 | 170602e20150300sp |||||||||||||||||spa|d | ||
| 999 | |c 368395 |d 368393 | ||
| 020 | |a 9788495801340 | ||
| 040 | |c Pontificia Universidad Católica de Valparaíso | ||
| 082 | 0 | 4 | |a 371.952 BOO 2015 |2 21 |
| 100 | 0 | |a Booth, Tony |9 592805 | |
| 245 | 1 | 0 | |a Guía para la educación inclusiva: desarrollando el aprendizaje y la participación en los centros escolares -adaptación de la 3a edición revisada del index for inclusion- |
| 260 | 0 | 3 | |a Madrid, España |b Organización de Estados Iberoamericanos |c 2015 |
| 300 | |a 196 páginas | ||
| 583 | |a last modification |c 20180115 01:34:17 |k Rodrigo Vera | ||
| 650 | 0 | |a Educación inclusiva |9 560584 |x Educación Básica | |
| 650 | 0 | |a Integridad Escolar |9 896244 | |
| 700 | 0 | |a Ainscow, Mel |9 592806 | |
| 942 | |c BK |2 ddc | ||
| 945 | |d 20170602 23:29:00 |a arojas | ||
| 952 | |0 0 |1 0 |2 ddc |3 erb |4 0 |6 371_952000000000000_BOO_2015 |7 0 |8 R |9 483696 |a BIBEDU |b BIBEDU |c MCIRC |i 5392969 |l 5 |m 1 |o 371.952 BOO 2015 |p 5392969 |r 2024-08-13 |s 2024-08-13 |t 1 |w 2019-11-24 |y BK_R |z Catalogado en:20170602 |k EDI | ||
| 952 | |0 0 |1 0 |2 ddc |3 erb |4 0 |6 371_952000000000000_BOO_2015 |7 0 |8 R |9 483697 |a BIBEDU |b BIBEDU |c MCIRC |i 5392977 |l 6 |o 371.952 BOO 2015 |p 5392977 |r 2024-11-11 |s 2024-11-11 |t 2 |w 2019-11-24 |y BK_R |z Catalogado en:20170602 |k EDI | ||
| 952 | |0 0 |1 0 |2 ddc |3 erb |4 0 |6 371_952000000000000_BOO_2015 |7 0 |8 R |9 483698 |a BIBEDU |b BIBEDU |c MCIRC |i 5392985 |l 1 |o 371.952 BOO 2015 |p 5392985 |r 2024-08-19 |s 2024-08-01 |t 3 |w 2019-11-24 |y BK_R |z Catalogado en:20170602 |k EDI | ||